Online
Catalog

Memorias del primer Coloquio Colombo-Francés de Bibliotecas Públicas : (Record no. 15409)

MARC details
000 -CABECERA
campo de control de longitud fija 01488cam a2200313 a 4500
001 - NÚMERO DE CONTROL
campo de control 000015867
005 - FECHA Y HORA DE LA ÚLTIMA TRANSACCIÓN
campo de control 20200929164200.0
008 - DATOS DE LONGITUD FIJA--INFORMACIÓN GENERAL
campo de control de longitud fija 050711s2004 ck a b 100 0 spa
020 ## - NÚMERO INTERNACIONAL ESTÁNDAR DEL LIBRO
Número Internacional Estándar del Libro 9589177166
040 ## - FUENTE DE LA CATALOGACIÓN
Centro catalogador/agencia de origen DO-SdBNP
Lengua de catalogación spa
Centro/agencia transcriptor DLC
Centro/agencia modificador BNPHU
041 17 - CÓDIGO DE LENGUA
Código de lengua del texto/banda sonora o título independiente spa
Código de lengua del sumario o resumen fre
Fuente del código Código de idiomas MARC
082 ## - NÚMERO DE LA CLASIFICACIÓN DECIMAL DEWEY
Número de clasificación 027.4
Número de documento/Ítem C719m
049 ## - FONDOS LOCALES (OCLC)
Fondos de biblioteca BNGR
111 2# - ENTRADA PRINCIPAL--NOMBRE DE CONGRESO/REUNIÓN
Nombre de congreso/reunión o jurisdicción como elemento de entrada Coloquio Colombo-Francés de Bibliotecas Públicas
Número del congreso/reunión o número de parte o sección (1 :
Fecha del congreso/reunión 2003 :
Sede del congreso/Lugar de la reunión Bogotá)
9 (RLIN) 35729
245 10 - MENCIÓN DE TÍTULO
Título Memorias del primer Coloquio Colombo-Francés de Bibliotecas Públicas :
Resto del título Biblioteca y Sociedad /
Mención de responsabilidad, etc. coordinador, Marc Sagaert ; editor, Alfonso Mora Jaime ; traducción del francés, María Yolanda Medina.
246 10 - FORMA VARIANTE DE TÍTULO
Título propio/Titulo breve Biblioteca y sociedad
260 ## - PUBLICACIÓN, DISTRIBUCIÓN, ETC.
Lugar de publicación, distribución, etc. Bogotá, (Colombia) :
Nombre del editor, distribuidor, etc. Embajada de Francia en Colombia :
-- Ministerio de Cultura de Colombia :
-- Biblioteca Nacional de Colombia,
Fecha de publicación, distribución, etc. 2004.
300 ## - DESCRIPCIÓN FÍSICA
Extensión 148 p. :
Otras características físicas il. ;
Dimensiones 21 cm.
500 ## - NOTA GENERAL
Nota general En el marco de la XVI Feria Internacional del Libro de Bogotá y del mes de Francia."
504 ## - NOTA DE BIBLIOGRAFÍA, ETC.
Nota de bibliografía, etc. Incluye referencias bibliográficas
650 #4 - PUNTO DE ACCESO ADICIONAL DE MATERIA--TÉRMINO DE MATERIA
Término de materia o nombre geográfico como elemento de entrada Bibliotecas públicas
Subdivisión geográfica Colombia
Subdivisión de forma CONGRESOS
9 (RLIN) 35730
650 #4 - PUNTO DE ACCESO ADICIONAL DE MATERIA--TÉRMINO DE MATERIA
Término de materia o nombre geográfico como elemento de entrada Bibliotecas públicas
Subdivisión geográfica Francia
Subdivisión de forma CONGRESOS
9 (RLIN) 35731
650 #4 - PUNTO DE ACCESO ADICIONAL DE MATERIA--TÉRMINO DE MATERIA
Término de materia o nombre geográfico como elemento de entrada Bibliotecas públicas
Subdivisión general Aspectos sociales
Subdivisión de forma CONGRESOS
9 (RLIN) 35732
700 1# - PUNTO DE ACCESO ADICIONAL--NOMBRE DE PERSONA
Nombre de persona Mora Jaime, Alfonso.
Término indicativo de función/relación ed.
9 (RLIN) 22731
700 1# - PUNTO DE ACCESO ADICIONAL--NOMBRE DE PERSONA
Nombre de persona Medina, María Yolanda
Término indicativo de función/relación tr.
9 (RLIN) 35583
710 2# - PUNTO DE ACCESO ADICIONAL--NOMBRE DE ENTIDAD CORPORATIVA
Nombre de entidad corporativa o nombre de jurisdicción como elemento de entrada Biblioteca Nacional de Colombia.
9 (RLIN) 3774
710 1# - PUNTO DE ACCESO ADICIONAL--NOMBRE DE ENTIDAD CORPORATIVA
Nombre de entidad corporativa o nombre de jurisdicción como elemento de entrada Francia
Unidad subordinada Embajada (Colombia)
9 (RLIN) 35733
910 ## - DATOS DE OPCIÓN DEL USUARIO (OCLC)
Datos de opción del usuario Catalogación por copia / LC
Holdings
Estado de retiro Estado de pérdida Restricciones de uso No para préstamo Código de colección Localización permanente Ubicación/localización actual Ubicación en estantería Fecha de adquisición Número de inventario Total de préstamos Signatura topográfica completa Código de barras Fecha visto por última vez Precio válido a partir de Tipo de ítem Koha
        Monografías: Libros y Folletos General General En catalogación 19.02.2010 LF1   027.4 C719m 15867-10 25.06.2020 25.06.2020 Préstamo en sala

Powered by Koha